| 000 | 00521nam a2200193Ia 4500 | ||
|---|---|---|---|
| 999 |
_c15085 _d15085 |
||
| 003 | OSt | ||
| 005 | 20201113134849.0 | ||
| 008 | 190216s9999||||xx |||||||||||||| ||und|| | ||
| 020 | _a8190230212 | ||
| 040 | _coclc | ||
| 082 |
_a421 _bGAD/L |
||
| 100 |
_aGadasalli, Raj _96433 |
||
| 245 | 0 |
_aLet`s Speak American English / _cRaj Gadasalli |
|
| 250 | _a1st Ed. | ||
| 260 |
_bVipra Center, _c2004. _aBangalore: |
||
| 300 | _a127p | ||
| 650 | _aEnglish | ||
| 942 |
_cBK _2ddc _h421 _iGAD/L _k421 _mGAD/L |
||